000 00368 a2200121 4500
001 ART_50120
005 20260410161607.0
008 260409a
245 1 0 _aLos medios de intercambios comerciales
100 1 _aFaccendini, Yanina C.
700 1 _aOubiña, Gabriel H.
773 0 _tProfesional & Empresaria
_g- Año XX, Nº 242 (nov. 2019)
_wREV70
999 _c10303
_d10303